01190nam a22003017i 4500003000900000005001700009008004100026020001800067040004300085082002000128245012200148264006800270300002800338336002600366337002800392338002700420504005200447650002800499650003000527653002500557655001700582700003200599700002900631700004600660942001200706999001700718952015300735EG-ScBUE20240208123918.0200219s2017 enk f b 001 0 eng d a9781107584785 aEG-ScBUEbengerdacEG-ScBUEdEG-ScBUE04222a172.42bSOF00aSoft war :bthe ethics od unarmed conflict /cedited by Michael L. Gross, Tamar Meisels ; foreword by Michael Walzer. 1aCambridge, United Kingdom :bCambridge University Press,c2017. axvi, 268 pages ;c24 cm 2rdacontentatextbtxt 2rdamediaaunmediatedbn 2rdacarrieravolumebnc aIncludes bibliographical references and index.  7aMilitary ethics.2BUEsh 7aJust war doctrine.2BUEsh cFebruary2024bBUSBOL vReading book1 aGross, Michael L.,eeditor.1 aMeisels, Tamar,eeditor.1 aWalzer, Michael,eauthor of introduction. 2ddccBB c30646d30617 00102ddc40708BaccahaMAINbMAINcLOWd2024-02-08ePurchaseg756.00h38029l0o172.42 SOFp000056992r2025-07-15 00:00:00v945.00w2024-02-08yBB